000 00802nmc a2200289 a 4500
003 AR-BaBNM
005 20251128203801.0
008 117019s1973 ||||||||||||||000 | spa||
040 _cAR-BaBNM
100 1 _aJones, Richard Kent
245 1 0 _aMétodos didácticos audiovisuales
260 _aMéxico, D.F.
_bPax-México
_bCentro Regional de Ayuda Técnica
_c1973
300 0 _a283 p.
490 0 _aMateriales audiovisuales : guías para el maestro
650 4 _aAUXILIARES AUDIOVISUALES
650 4 _aPIZARRAS
650 4 _aFRANELOGRAFOS
650 4 _aCARTELES
650 4 _aGRAFICOS
650 4 _aMAPA ESCOLAR
650 4 _aDRAMATIZACION
650 4 _aMETODOS DE ENSENANZA
650 4 _aENSENANZA DE LA LECTURA
650 4 _aTECNOLOGIA EDUCATIVA
942 _cBK
998 _cCarmen
999 _c4934
_d4934